All Polish Ekstraklasa Teams Ever - Statistics

General Stats
  • This quiz has been taken 425 times
    418 since last reset
  • The average score is 41 of 87
Answer Stats
Answer % Correct
Legia Warsaw
96%
Lech Poznań
94%
Wisła Kraków
93%
Arka Gdynia
90%
Jagiellonia Białystok
90%
Lechia-Olimpia Gdańsk
90%
Pogoń Szczecin
90%
Cracovia
89%
Lechia Gdańsk
89%
Polonia Warsaw
88%
Górnik Zabrze
87%
ŁKS Łódź
87%
Śląsk Wrocław
87%
Widzew Łódź
87%
GKS Katowice
84%
Ruch Chorzów
84%
Zagłębie Lubin
82%
Raków Częstochowa
81%
Warta Poznań
81%
Motor Lublin
79%
Wisła Płock
79%
Stal Mielec
78%
Piast Gliwice
77%
Korona Kielce
76%
Radomiak Radom
73%
Zagłębie Sosnowiec
73%
Polonia Bytom
71%
Zawisza Bydgoszcz
70%
Górnik Łęczna
67%
Puszcza Niepołomice
66%
Stal Rzeszów
66%
Amica Wronki
65%
Bruk-Bet Termalica Nieciecza
65%
Odra Opole
64%
Miedź Legnica
62%
GKS Tychy
61%
GKS Bełchatów
59%
Podbeskidzie Bielsko-Biała
59%
Hutnik Kraków
55%
Pogoń Lwów
55%
Stomil Olsztyn
55%
Sandecja Nowy Sącz
53%
Garbarnia Kraków
50%
Szombierki Bytom
48%
Dyskobolia Grodzisk Wielkopolski
47%
Odra Wodzisław Śląski
45%
Stal Stalowa Wola
41%
KSZO Ostrowiec Świętokrzyski
36%
GKS Jastrzębie
34%
Gwardia Warsaw
32%
Ruch Radzionków
32%
Siarka Tarnobrzeg
31%
Górnik Polkowice
29%
Górnik Wałbrzych
29%
Bałtyk Gdynia
28%
ROW 1964 Rybnik
28%
Czarni Lwów
25%
Olimpia Poznań
24%
RKS Radomsko
23%
Szczakowianka Jaworzno
21%
Świt Nowy Dwór Mazowiecki
20%
Sokół Pniewy
18%
Tarnovia Tarnów
17%
Warszawianka
17%
Lechia Lwów
16%
1. FC Katowice
15%
Jutrzenka Kraków
15%
Hasmonea Lwów
14%
Igloopol Dębica
14%
Klub Turystów Łódź
14%
Polonia Bydgoszcz
14%
Śmigły Wilno
14%
Wawel Kraków
14%
Zagłębie Wałbrzych
13%
Arkonia Szczecin
12%
Górnik Radlin
12%
AKS Chorzów
11%
Unia Racibórz
11%
Podgórze Kraków
10%
Dąb Katowice
9%
Rymer Rybnik
9%
Śląsk Świętochłowice
9%
TKS Toruń
9%
Union-Touring Łódź
9%
Strzelec Siedlce
8%
ŁTSG Łódź
7%
Stal Sosnowiec
2%
No matching quizzes found
Score Distribution
Percent of People with Each Score
Percentile by Number Answered
Your Score History
You have not taken this quiz since the last reset